| 000 | 00387nam a2200157Ia 4500 | ||
|---|---|---|---|
| 008 | 221030s9999 xx 000 0 und d | ||
| 020 | _a8125903542 | ||
| 041 | _aEnglish | ||
| 082 |
_a105.23 _bShi |
||
| 100 | _aM. B. Shrivastava | ||
| 245 | 0 |
_aWood Techology _cby M. B. Shrivastava |
|
| 260 |
_bVikas Pub.House _aNew Delhi _c1997 |
||
| 300 | _a180 | ||
| 650 | _aMechanical | ||
| 942 | _cBK | ||
| 999 |
_c7191 _d7191 |
||